00377nam a22001217a 450000500170000000800410001702200140005824500210007226000410009330000140013431000120014827000950016020090225122242.0090225c xxu||||| |||| 00| 0 eng d a0971-4529 aFisheries chimes aVisakhapatnambFishing chimesc2009- av.c26 cm amonthly aSec-12, Plot No. 176, MVP Colony,bVisakhapatname530017l27844271minfo@fishingchimes.com